[Event "España ch 2009 femenino"]
[Site "Almansa ESP"]
[Date "2009.07.28"]
[Round "1.1"]
[White "Vega Gutierrez, Sabrina"]
[Black "Garcia Bielsa, Cristina"]
[Result "1-0"]
[PlyCount "35"]
[EventDate "2009.07.28"]
[EventType "swiss"]
[EventRounds "9"]
[EventCountry "ESP"]
[Source "lmi"]
[SourceDate "2009.07.28"]
[WhiteElo "2352"]
[BlackElo "1960"]

1. e4 g6 2. d4 Bg7 3. Nc3 a6 4. a4 b6 5. Bg5 d6 6. Bc4 Nf6 7. Qe2 h6 8. Bh4 g5
9. Bg3 Bb7 10. O-O-O e6 11. h4 Nxe4 12. Nxe4 d5 13. Be5 Rg8 14. Bd3 dxe4 15.
Bxe4 Bxe4 16. Qxe4 Nd7 17. Qh7 Ke7 18. Bxg7 1-0

[Event "España ch 2009 femenino"]
[Site "Almansa ESP"]
[Date "2009.07.28"]
[Round "1.2"]
[White "Gallego Gonzalez, Agueda"]
[Black "Calzetta Ruiz, Monica"]
[Result "0-1"]
[PlyCount "72"]
[EventDate "2009.07.28"]
[EventType "swiss"]
[EventRounds "9"]
[EventCountry "ESP"]
[Source "lmi"]
[SourceDate "2009.07.28"]
[WhiteElo "1958"]
[BlackElo "2344"]

1. d4 Nf6 2. Nf3 g6 3. Nbd2 Bg7 4. e4 d6 5. Bd3 O-O 6. O-O Nfd7 7. Re1 Nc6 8.
c3 e5 9. d5 Ne7 10. Nc4 Qe8 11. Qe2 h6 12. Nh4 f5 13. f4 fxe4 14. Bxe4 b5 15.
Nxe5 dxe5 16. d6 cxd6 17. Bxa8 d5 18. Qxb5 Nb6 19. Qxe8 Rxe8 20. Bxd5+ Nbxd5
21. fxe5 g5 22. Nf3 Ng6 23. Bd2 Bb7 24. Rad1 g4 25. Nd4 Ndf4 26. Bxf4 Nxf4 27.
Rd2 Bxe5 28. Nf5 Bd4+ 29. Rxd4 Rxe1+ 30. Kf2 Re2+ 31. Kg3 Nh5+ 32. Kxg4 Nf6+
33. Kh4 Rxg2 34. Nxh6+ Kh7 35. Nf5 Bc8 36. Nd6 Be6 0-1

[Event "España ch 2009 femenino"]
[Site "Almansa ESP"]
[Date "2009.07.28"]
[Round "1.3"]
[White "Vega Gutierrez, Belinda"]
[Black "Martinez Gonzalez, Maria Asuncion"]
[Result "1-0"]
[WhiteElo "2254"]
[BlackElo "1995"]
[PlyCount "64"]
[EventDate "2009.07.28"]
[EventType "swiss"]
[EventRounds "9"]
[EventCountry "ESP"]
[Source "lmi"]
[SourceDate "2009.07.28"]

1. e4 c5 2. Nf3 d6 3. d4 cxd4 4. Nxd4 Nf6 5. Nc3 a6 6. Be2 e6 7. O-O Be7 8. Be3
Qc7 9. f4 Nc6 10. Kh1 Bd7 11. Qe1 Nxd4 12. Bxd4 e5 13. fxe5 dxe5 14. Qg3 Bc6
15. Bxe5 Qa5 16. a3 O-O-O 17. b4 Qb6 18. Bxf6 gxf6 19. Bg4+ Bd7 20. Nd5 Qd6 21.
Bxd7+ Kxd7 22. Qxd6+ Bxd6 23. Rad1 Be5 24. c4 Ke6 25. c5 Rhg8 26. Ne3 Bc3 27.
Nc4 Rxd1 28. Rxd1 Rg4 29. Nd6 Bb2 30. Nxb7 Bxa3 31. c6 Bxb4 32. c7 Ba3 1-0

[Event "España ch 2009 femenino"]
[Site "Almansa ESP"]
[Date "2009.07.28"]
[Round "1.4"]
[White "Arce Calva, Elvira"]
[Black "Garcia Vicente, Nieves"]
[Result "0-1"]
[WhiteElo "1933"]
[BlackElo "2193"]
[PlyCount "100"]
[EventDate "2009.07.28"]
[EventType "swiss"]
[EventRounds "9"]
[EventCountry "ESP"]
[Source "lmi"]
[SourceDate "2009.07.28"]

1. e4 e5 2. Nf3 Nc6 3. d4 exd4 4. Nxd4 Nf6 5. Nxc6 bxc6 6. Bd3 d5 7. exd5 cxd5
8. O-O Be7 9. c3 O-O 10. Bf4 Bg4 11. Qc2 Bd6 12. Bg5 h6 13. Bh4 Re8 14. f3 Be6
15. Nd2 c6 16. Rfe1 Qb6+ 17. Bf2 Qc7 18. Nf1 Nh5 19. Bf5 Nf4 20. Ng3 c5 21.
Rad1 Rab8 22. Bxe6 fxe6 23. b3 a5 24. Be3 Qf7 25. Bxf4 Bxf4 26. Qf2 Rbc8 27.
Nf1 c4 28. Qd4 Bb8 29. Qd2 Qf6 30. bxc4 Rxc4 31. Qb2 Ba7+ 32. Kh1 Rec8 33. Qb7
Qf7 34. Qa6 R4c6 35. Qxa5 Rxc3 36. Re2 Rxf3 37. Nd2 Rfc3 38. Rde1 Rc1 39. Nf3
Bb8 40. Qa6 e5 41. Ng1 R1c3 42. Qb5 e4 43. Nh3 R3c5 44. Qb6 Kh8 45. Qb2 Qe7 46.
Qd2 Qe5 47. g3 Qh5 48. Nf4 Qf3+ 49. Kg1 Rc2 50. Qd1 Ba7+ 0-1

[Event "España ch 2009 femenino"]
[Site "Almansa ESP"]
[Date "2009.07.28"]
[Round "1.5"]
[White "Gonzalez Perez, Lutgarda"]
[Black "Cucarella Montell, Angels"]
[Result "1-0"]
[WhiteElo "2140"]
[BlackElo "1911"]
[PlyCount "75"]
[EventDate "2009.07.28"]
[EventType "swiss"]
[EventRounds "9"]
[EventCountry "ESP"]
[Source "lmi"]
[SourceDate "2009.07.28"]

1. d4 d5 2. Nf3 Nf6 3. g3 Bg4 4. Bg2 Nbd7 5. O-O e6 6. Nbd2 Bd6 7. b3 O-O 8.
Bb2 c5 9. c4 Re8 10. Ne5 Bf5 11. Nxd7 Qxd7 12. dxc5 Bxc5 13. e4 Bg4 14. Qb1
dxe4 15. Nxe4 Nxe4 16. Qxe4 Bf5 17. Qe5 Bf8 18. Rfd1 Qe7 19. Qb5 Red8 20. Qxb7
Qxb7 21. Bxb7 Rab8 22. Bf3 Bc2 23. Rxd8 Rxd8 24. Rc1 Bf5 25. c5 f6 26. c6 Rc8
27. Bd4 Rc7 28. Rc4 Bd3 29. Rc3 Bf5 30. a4 Bd6 31. Bc5 Be5 32. Rc1 Kf7 33. b4
Bb2 34. Rd1 e5 35. Bd5+ Be6 36. Bxe6+ Kxe6 37. Rd6+ Kf5 38. b5 1-0

[Event "España ch 2009 femenino"]
[Site "Almansa ESP"]
[Date "2009.07.28"]
[Round "1.6"]
[White "Beltran Ortiz, Edda Georgina"]
[Black "Guadamuro Torrente, Anabel"]
[Result "0-1"]
[WhiteElo "1901"]
[BlackElo "2136"]
[PlyCount "42"]
[EventDate "2009.07.28"]
[EventType "swiss"]
[EventRounds "9"]
[EventCountry "ESP"]
[Source "lmi"]
[SourceDate "2009.07.28"]

1. e4 e5 2. Nc3 Nf6 3. g3 d5 4. exd5 Nxd5 5. Bg2 Nxc3 6. bxc3 Bc5 7. d3 O-O 8.
Ne2 Nc6 9. h3 Be6 10. O-O Bd5 11. Bxd5 Qxd5 12. c4 Qf3 13. Rb1 Rad8 14. Rb3 f5
15. Ba3 Bxa3 16. Rxa3 Qh5 17. Kh2 f4 18. g4 Qh4 19. Rb3 Rd6 20. Ng1 Rh6 21. c3
f3 0-1

[Event "España ch 2009 femenino"]
[Site "Almansa ESP"]
[Date "2009.07.28"]
[Round "1.7"]
[White "Gutierrez Castillo, Paloma"]
[Black "Salido Polo, Veronica"]
[Result "1-0"]
[PlyCount "63"]
[EventDate "2009.07.28"]
[EventType "swiss"]
[EventRounds "9"]
[EventCountry "ESP"]
[Source "lmi"]
[SourceDate "2009.07.28"]
[WhiteElo "2132"]
[BlackElo "1880"]

1. e4 c5 2. Nf3 g6 3. c4 Bg7 4. d4 cxd4 5. Nxd4 Nc6 6. Nf3 d6 7. Nc3 Nf6 8. h3
O-O 9. Be2 b6 10. O-O Bb7 11. Be3 Rc8 12. Rc1 Qc7 13. Nd2 Rfd8 14. f4 e6 15. f5
d5 16. Bg5 dxe4 17. fxe6 fxe6 18. Bxf6 Bxf6 19. Rxf6 e3 20. Bg4 exd2 21. Rc2
Qe5 22. Rxe6 Qd4+ 23. Kh1 Nb4 24. Re2 Nxc2 25. Bxc8 Bxc8 26. Nd5 Rf8 27. Rxd2
Qxc4 28. Qxc2 Qf1+ 29. Kh2 Bf5 30. Qc7 Qe1 31. Ne7+ Kh8 32. Qc3+ 1-0

[Event "España ch 2009 femenino"]
[Site "Almansa ESP"]
[Date "2009.07.28"]
[Round "1.8"]
[White "Pardo Simon, Leticia"]
[Black "Fidalgo Fernandez, Lucia"]
[Result "1/2-1/2"]
[PlyCount "114"]
[EventDate "2009.07.28"]
[EventType "swiss"]
[EventRounds "9"]
[EventCountry "ESP"]
[Source "lmi"]
[SourceDate "2009.07.28"]
[WhiteElo "1848"]
[BlackElo "2131"]

1. e4 c5 2. Nc3 a6 3. g3 Nc6 4. Bg2 g6 5. f4 d6 6. Nf3 Bg7 7. O-O e6 8. d3 Nge7
9. Nh4 O-O 10. Ne2 Rb8 11. c3 f5 12. exf5 gxf5 13. Be3 Kh8 14. d4 b6 15. Qd2
Na5 16. b3 Qc7 17. Nf3 Nd5 18. Bf2 Nf6 19. Qd3 c4 20. Qc2 cxb3 21. axb3 Ne4 22.
Be1 Nc6 23. Rc1 Ne7 24. Nd2 Nd5 25. Qd3 Ndf6 26. Nxe4 Nxe4 27. c4 Bb7 28. Nc3
Nf6 29. d5 exd5 30. Nxd5 Nxd5 31. Bxd5 Bxd5 32. Qxd5 Qc5+ 33. Bf2 Qa3 34. Rb1
Qb4 35. Rfd1 Rbd8 36. Qc6 b5 37. Qxa6 bxc4 38. Qxc4 Qb7 39. Qe6 d5 40. Qb6 Qf7
41. Bd4 Rfe8 42. b4 Rd7 43. Bxg7+ Kxg7 44. Qd4+ Kg8 45. Rdc1 Qh5 46. Re1 Re4
47. Qc5 Qe8 48. Kf2 Rd8 49. b5 Qh5 50. h4 Rc4 51. Qb6 Rc2+ 52. Kg1 Re8 53.
Rxe8+ Qxe8 54. Qd4 Qe2 55. Qxd5+ Kf8 56. Qxf5+ Kg8 57. Qg5+ Kf8 1/2-1/2

[Event "España ch 2009 femenino"]
[Site "Almansa ESP"]
[Date "2009.07.29"]
[Round "2.1"]
[White "Redondo Arguelles, Graciela"]
[Black "Vega Gutierrez, Sabrina"]
[Result "1/2-1/2"]
[WhiteElo "2062"]
[BlackElo "2352"]
[PlyCount "123"]
[EventDate "2009.07.28"]
[EventType "swiss"]
[EventRounds "9"]
[EventCountry "ESP"]
[Source "lmi"]
[SourceDate "2009.07.28"]

1. e4 c5 2. c3 Nf6 3. d3 d6 4. Nf3 g6 5. Be2 Bg7 6. O-O O-O 7. Nbd2 Nc6 8. a3
d5 9. Qc2 Qc7 10. Rb1 dxe4 11. dxe4 Nh5 12. Re1 Nf4 13. Bf1 Bg4 14. h3 Be6 15.
Ng5 Bd7 16. Nc4 h6 17. Nf3 b5 18. Ne3 c4 19. Bd2 Na5 20. Rbd1 Nb3 21. Bc1 e5
22. Nd5 Nxd5 23. Rxd5 Bc6 24. Rdd1 Nc5 25. Nd2 Qb7 26. f3 Rfd8 27. b3 Qb6 28.
Kh1 Nd3 29. Bxd3 Rxd3 30. bxc4 Rad8 31. cxb5 Qxb5 32. Nf1 Qa6 33. c4 Rxd1 34.
Rxd1 Rxd1 35. Qxd1 Qxc4 36. Ne3 Qd4 37. Qb3 Ba4 38. Qb8+ Kh7 39. Qc7 Bb3 40.
Kh2 h5 41. Nc2 Qf2 42. Nb4 h4 43. Nd5 Qg3+ 44. Kg1 Qe1+ 45. Kh2 Bxd5 46. exd5
Qg3+ 47. Kg1 Qe1+ 48. Kh2 e4 49. fxe4 Qxe4 50. Qxf7 Kh8 51. Bf4 Bd4 52. Qf8+
Kh7 53. Qh6+ Kg8 54. Qxh4 Qxd5 55. Qg5 Qe4 56. h4 Kf7 57. h5 gxh5 58. Qxh5+ Ke6
59. Qg4+ Qf5 60. Qxf5+ Kxf5 61. Bd6 Kg4 62. Kh1 1/2-1/2

[Event "España ch 2009 femenino"]
[Site "Almansa ESP"]
[Date "2009.07.29"]
[Round "2.2"]
[White "Calzetta Ruiz, Monica"]
[Black "Collado Barbas, Laura"]
[Result "1-0"]
[WhiteElo "2344"]
[BlackElo "2055"]
[PlyCount "45"]
[EventDate "2009.07.28"]
[EventType "swiss"]
[EventRounds "9"]
[EventCountry "ESP"]
[Source "lmi"]
[SourceDate "2009.07.28"]

1. e4 e6 2. d4 d5 3. Nd2 Nc6 4. Ngf3 Nf6 5. e5 Nd7 6. Be2 f6 7. exf6 Qxf6 8.
Nf1 Bd6 9. Ne3 O-O 10. O-O Qg6 11. c4 Nf6 12. c5 Be7 13. Bb5 Bd7 14. Re1 b6 15.
b4 a5 16. Bd3 Ne4 17. b5 Rxf3 18. bxc6 Bxc6 19. Qxf3 Rf8 20. Bxe4 dxe4 21. Qg3
Qf6 22. Ng4 Qxd4 23. Be3 1-0

[Event "España ch 2009 femenino"]
[Site "Almansa ESP"]
[Date "2009.07.29"]
[Round "2.3"]
[White "Penas Hernandez, Yolanda"]
[Black "Vega Gutierrez, Belinda"]
[Result "0-1"]
[WhiteElo "2027"]
[BlackElo "2254"]
[PlyCount "96"]
[EventDate "2009.07.28"]
[EventType "swiss"]
[EventRounds "9"]
[EventCountry "ESP"]
[Source "lmi"]
[SourceDate "2009.07.28"]

1. e4 e5 2. Nf3 Nc6 3. d4 exd4 4. Bc4 Nf6 5. e5 d5 6. Bb5 Ne4 7. Nxd4 Bc5 8.
Be3 Bd7 9. Bxc6 bxc6 10. O-O O-O 11. f3 Ng5 12. f4 Ne4 13. Nd2 f5 14. Nxe4 fxe4
15. Qd2 Bb6 16. Nb3 Qe7 17. Qc3 Bxe3+ 18. Qxe3 a5 19. Rab1 a4 20. Qc5 Qxc5+ 21.
Nxc5 Bf5 22. b4 axb3 23. axb3 Ra2 24. Rbc1 h5 25. Rfe1 h4 26. Kf2 Rd8 27. Re2
Kf7 28. Rce1 g5 29. fxg5 Kg6 30. Rd2 Re8 31. Ke3 Rxe5 32. Kf4 Re8 33. g3 Rh8
34. Rg1 Bc8 35. Ke5 Re8+ 36. Kd4 Kxg5 37. gxh4+ Kxh4 38. Rdg2 Rh8 39. Na4 Bh3
40. Rf2 Bg4 41. Rc1 Bf3 42. Kc5 Kg4 43. Kxc6 e3 44. Rff1 Rxh2 45. Kc5 Raxc2+
46. Rxc2 Rxc2+ 47. Kd4 Kf4 48. Kd3 Rd2+ 0-1

[Event "España ch 2009 femenino"]
[Site "Almansa ESP"]
[Date "2009.07.29"]
[Round "2.4"]
[White "Garcia Vicente, Nieves"]
[Black "Gil Quilez, Sonia"]
[Result "1/2-1/2"]
[WhiteElo "2193"]
[BlackElo "2017"]
[PlyCount "105"]
[EventDate "2009.07.28"]
[EventType "swiss"]
[EventRounds "9"]
[EventCountry "ESP"]
[Source "lmi"]
[SourceDate "2009.07.28"]

1. d4 g6 2. c4 Bg7 3. Nc3 d6 4. e4 Nc6 5. Be3 Nf6 6. h3 e5 7. d5 Ne7 8. Bd3 O-O
9. Nge2 Nd7 10. Qd2 Nc5 11. Bc2 f5 12. f3 f4 13. Bf2 a5 14. Na4 b6 15. Nxc5
dxc5 16. Ba4 Ba6 17. Qc2 Nc8 18. Bc6 Rb8 19. Bb5 Bxb5 20. cxb5 Nd6 21. a4 h6
22. O-O-O Qe7 23. Kb1 Rbd8 24. Nc1 Bf6 25. h4 Bg7 26. Qe2 Ne8 27. Nb3 Nf6 28.
Nd2 Qf7 29. Nc4 Ne8 30. Rh3 Nd6 31. Nd2 Qe7 32. Re1 Qd7 33. Rh2 Qe7 34. Rg1 Kh7
35. Qd3 Rg8 36. g3 Qf6 37. Rhg2 Bh8 38. Qc2 Nf7 39. gxf4 Qxf4 40. Bg3 Qf6 41.
Nc4 Rde8 42. Rf2 Nd6 43. Nd2 Qe7 44. Qd3 Bf6 45. Rh2 Ref8 46. Qe2 Bg7 47. h5 g5
48. Bf2 Qf7 49. Be3 Bh8 50. Rh3 Ne8 51. Rgh1 Qd7 52. Rg3 Nd6 53. Rg4 1/2-1/2

[Event "España ch 2009 femenino"]
[Site "Almansa ESP"]
[Date "2009.07.29"]
[Round "2.5"]
[White "Sanchez Delgado, Lidia"]
[Black "Gonzalez Perez, Lutgarda"]
[Result "0-1"]
[WhiteElo "2006"]
[BlackElo "2140"]
[PlyCount "80"]
[EventDate "2009.07.28"]
[EventType "swiss"]
[EventRounds "9"]
[EventCountry "ESP"]
[Source "lmi"]
[SourceDate "2009.07.28"]

1. e4 c6 2. d4 d5 3. Nc3 dxe4 4. Nxe4 Nf6 5. Nxf6+ gxf6 6. Nf3 Bg4 7. c3 Nd7 8.
g3 Bg7 9. Bg2 Qa5 10. h3 Be6 11. Qc2 Rd8 12. O-O Qh5 13. h4 O-O 14. b3 Bd5 15.
Ne1 Bxg2 16. Nxg2 e5 17. Ba3 Rfe8 18. Rad1 Bf8 19. Bc1 Nb6 20. dxe5 fxe5 21.
Rxd8 Rxd8 22. Bg5 Rd6 23. c4 Re6 24. Rd1 f6 25. Be3 Qe8 26. Qf5 Nc8 27. h5 Nd6
28. Qg4+ Kh8 29. Nh4 Qf7 30. c5 f5 31. Qf3 e4 32. Bd4+ Kg8 33. Qg2 Qxh5 34. Re1
Nb5 35. Be3 Nc3 36. Qf1 Nd5 37. Qc4 Bh6 38. Bd4 Qg4 39. Qc2 Bg5 40. Ng2 Rh6 0-1

[Event "España ch 2009 femenino"]
[Site "Almansa ESP"]
[Date "2009.07.29"]
[Round "2.6"]
[White "Guadamuro Torrente, Anabel"]
[Black "Alcaraz Soriano, Angela"]
[Result "1-0"]
[WhiteElo "2136"]
[BlackElo "1993"]
[PlyCount "63"]
[EventDate "2009.07.28"]
[EventType "swiss"]
[EventRounds "9"]
[EventCountry "ESP"]
[Source "lmi"]
[SourceDate "2009.07.28"]

1. e4 c5 2. Nf3 d6 3. d4 Nf6 4. Nc3 cxd4 5. Nxd4 a6 6. h3 Nbd7 7. g4 Nc5 8. Bg2
e5 9. Nde2 b5 10. Ng3 Bb7 11. O-O Qc7 12. Re1 g6 13. f4 O-O-O 14. g5 exf4 15.
Bxf4 Nfd7 16. a4 b4 17. Nd5 Bxd5 18. Qxd5 Ne6 19. Be3 Nb6 20. Qa5 Nc5 21. Qxb4
d5 22. exd5 Nxd5 23. Qg4+ Qd7 24. Qxd7+ Rxd7 25. Bd4 Rg8 26. Re8+ Kc7 27. Be5+
Kb6 28. a5+ Ka7 29. Bb8+ Ka8 30. Bd6+ Ka7 31. Rxf8 Rxf8 32. Bxc5+ 1-0

[Event "España ch 2009 femenino"]
[Site "Almansa ESP"]
[Date "2009.07.29"]
[Round "2.7"]
[White "Perera Borrego, Mariela"]
[Black "Gutierrez Castillo, Paloma"]
[Result "0-1"]
[WhiteElo "1969"]
[BlackElo "2132"]
[PlyCount "170"]
[EventDate "2009.07.28"]
[EventType "swiss"]
[EventRounds "9"]
[EventCountry "ESP"]
[Source "lmi"]
[SourceDate "2009.07.28"]

1. d4 Nf6 2. Nf3 g6 3. Bg5 Bg7 4. c3 d6 5. Nbd2 O-O 6. e4 c5 7. dxc5 dxc5 8.
Bc4 Nc6 9. Qe2 Qc7 10. O-O Na5 11. Bd3 Be6 12. Nc4 Nc6 13. Ne3 Rfd8 14. Bc2 h6
15. Bh4 Nh5 16. Bg3 Nxg3 17. hxg3 Qb6 18. Ba4 Qa5 19. Bb5 a6 20. Bc4 Bxc4 21.
Qxc4 e6 22. a4 Qb6 23. Qe2 Na5 24. Rfb1 Qc6 25. Nc4 Nxc4 26. Qxc4 b5 27. Qe2
bxa4 28. Qc4 Rdb8 29. e5 Qd5 30. Rxa4 Rb5 31. Qe2 Qb3 32. Qe4 Qd5 33. Qe2 Qb3
34. Qe4 Qd5 35. Qe2 Qb7 36. Ne1 Rd8 37. f4 Bf8 38. Nd3 Rb3 39. Rba1 Qb5 40. c4
Qb7 41. Rd1 Rd4 42. Qc2 Rb6 43. Ra2 Qe4 44. b3 Qe3+ 45. Kh2 h5 46. Rb2 Be7 47.
Qd2 Qe4 48. Qa5 Qc6 49. Qe1 Rb8 50. Qe2 Rbd8 51. Nf2 h4 52. Rxd4 hxg3+ 53. Kxg3
Rxd4 54. Rd2 Qd7 55. Rxd4 Qxd4 56. Qd3 Bh4+ 57. Kxh4 Qxf2+ 58. Qg3 Qc2 59. Kh3
a5 60. Qe3 a4 61. bxa4 Qxc4 62. a5 Qb5 63. a6 Qxa6 64. Qxc5 Qd3+ 65. Kh2 Qe4
66. Qf2 g5 67. g3 Kg7 68. Qd2 Kg6 69. Qf2 Kf5 70. fxg5+ Kg4 71. g6 fxg6 72. Qf6
Qc2+ 73. Kg1 Kxg3 74. Qg5+ Kf3 75. Qf6+ Qf5 76. Kf1 Ke4+ 77. Ke2 g5 78. Qd8
Qf3+ 79. Kd2 Qe3+ 80. Kc2 Qc5+ 81. Kb1 Qxe5 82. Qa8+ Kf5 83. Qf3+ Kg6 84. Qg2
Qf5+ 85. Kc1 g4 0-1

[Event "España ch 2009 femenino"]
[Site "Almansa ESP"]
[Date "2009.07.29"]
[Round "2.8"]
[White "Jimenez Lupianez, Laura"]
[Black "Rodriguez Vinuesa, Azahara"]
[Result "1-0"]
[WhiteElo "1968"]
[BlackElo "2106"]
[PlyCount "137"]
[EventDate "2009.07.28"]
[EventType "swiss"]
[EventRounds "9"]
[EventCountry "ESP"]
[Source "lmi"]
[SourceDate "2009.07.28"]

1. d4 Nf6 2. c4 e6 3. Nc3 Bb4 4. e3 b6 5. Nge2 Bb7 6. a3 Be7 7. d5 e5 8. g3 d6
9. Bg2 O-O 10. O-O c6 11. e4 cxd5 12. cxd5 Nbd7 13. f4 Ne8 14. Be3 g6 15. f5
Ng7 16. g4 Bg5 17. Bf2 h5 18. gxh5 Nxh5 19. b4 Ndf6 20. Bf3 Rc8 21. Qe1 Qd7 22.
Kh1 Kh7 23. Rg1 Bh6 24. Bh4 Rg8 25. Bg5 Bxg5 26. Rxg5 Kg7 27. Qg1 Kf8 28. fxg6
fxg6 29. Rxg6 Rxg6 30. Qxg6 Qf7 31. Bxh5 Nxh5 32. Qxd6+ Kg8 33. Qe6 Qxe6 34.
dxe6 Re8 35. Rd1 Rxe6 36. Rd7 Bc6 37. Rxa7 Nf4 38. Nxf4 exf4 39. Kg2 Rd6 40.
Nd5 Bxd5 41. exd5 Rxd5 42. Kf3 Rf5 43. Rc7 Rf6 44. Rc4 Rh6 45. Rxf4 Rxh2 46.
Ke4 Ra2 47. Rf3 Rd2 48. Rd3 Rc2 49. Kd4 Kf7 50. Rc3 Rd2+ 51. Kc4 Ke7 52. Kb5
Rd6 53. Rc6 Rd3 54. a4 Kd7 55. Kxb6 Rd4 56. Rc7+ Kd8 57. b5 Rxa4 58. Kb7 Ra1
59. b6 Ra2 60. Kb8 Rb2 61. Kb7 Ra2 62. Rc5 Kd7 63. Rd5+ Ke6 64. Kc6 Rb2 65. Rc5
Rb3 66. Kc7 Rh3 67. b7 Rh7+ 68. Kb6 Rh8 69. Rc8 1-0

[Event "España ch 2009 femenino"]
[Site "Almansa ESP"]
[Date "2009.07.29"]
[Round "3.1"]
[White "Gutierrez Castillo, Paloma"]
[Black "Calzetta Ruiz, Monica"]
[Result "0-1"]
[WhiteElo "2132"]
[BlackElo "2344"]
[PlyCount "52"]
[EventDate "2009.07.28"]
[EventType "swiss"]
[EventRounds "9"]
[EventCountry "ESP"]
[Source "lmi"]
[SourceDate "2009.07.28"]

1. e4 e6 2. Nf3 d5 3. Nc3 d4 4. Ne2 c5 5. c3 Nc6 6. cxd4 Nf6 7. Ng3 Nxd4 8.
Nxd4 Qxd4 9. Bb5+ Bd7 10. Bxd7+ Qxd7 11. O-O Be7 12. e5 Nd5 13. d4 O-O 14. dxc5
Bxc5 15. Qg4 Kh8 16. Ne4 Rac8 17. Bg5 Bb6 18. Rad1 Qa4 19. b3 Qxa2 20. Bf6 gxf6
21. exf6 Rg8 22. Ng5 Rxg5 23. Qxg5 Rg8 24. Qh4 Ne3 25. Rd7 Nxf1 26. Rxf7 Qb1
0-1

[Event "España ch 2009 femenino"]
[Site "Almansa ESP"]
[Date "2009.07.29"]
[Round "3.2"]
[White "Vega Gutierrez, Belinda"]
[Black "Sanchez Martin, Vanessa"]
[Result "1-0"]
[WhiteElo "2254"]
[BlackElo "2102"]
[PlyCount "101"]
[EventDate "2009.07.28"]
[EventType "swiss"]
[EventRounds "9"]
[EventCountry "ESP"]
[Source "lmi"]
[SourceDate "2009.07.28"]

1. e4 e6 2. d4 d5 3. e5 c5 4. Qg4 cxd4 5. Nf3 Qc7 6. Bd3 f5 7. Qg3 Bb4+ 8. Nbd2
Nh6 9. O-O O-O 10. Nb3 Nf7 11. Nbxd4 Nc6 12. c3 Bc5 13. Nb3 Be7 14. Re1 Qd8 15.
h4 Rb8 16. Be3 b5 17. Rad1 a5 18. Bb1 Kh8 19. Bf4 Rb7 20. Nbd2 Rg8 21. Ng5 Qe8
22. Qh3 h6 23. Nf1 h5 24. Qf3 Nxg5 25. hxg5 g6 26. Nd2 Qd8 27. Qe3 Qb6 28. Nf3
Qxe3 29. Rxe3 b4 30. g3 Rc7 31. Rc1 Ba6 32. cxb4 axb4 33. Nd4 Rgc8 34. Nxe6 Ra7
35. Rd1 d4 36. Ree1 Rd7 37. Bd3 Ra8 38. Bxa6 Rxa6 39. Rc1 d3 40. Red1 b3 41.
axb3 Na5 42. Nc5 Bxc5 43. Rxc5 Nxb3 44. Rc3 Rb6 45. Rcxd3 Rxd3 46. Rxd3 Nc5 47.
Rd6 Rxb2 48. Rxg6 Ne4 49. e6 Kh7 50. Rh6+ Kg8 51. Be5 1-0

[Event "España ch 2009 femenino"]
[Site "Almansa ESP"]
[Date "2009.07.29"]
[Round "3.3"]
[White "Gonzalez Perez, Lutgarda"]
[Black "Jimenez Lupianez, Laura"]
[Result "1/2-1/2"]
[WhiteElo "2140"]
[BlackElo "1968"]
[PlyCount "109"]
[EventDate "2009.07.28"]
[EventType "swiss"]
[EventRounds "9"]
[EventCountry "ESP"]
[Source "lmi"]
[SourceDate "2009.07.28"]

1. d4 d5 2. Nf3 Nf6 3. g3 c6 4. Bg2 Bg4 5. O-O Nbd7 6. b3 e6 7. Bb2 Bd6 8. Nbd2
Qc7 9. Re1 O-O 10. c4 b6 11. Rc1 Rad8 12. cxd5 exd5 13. Qc2 Rc8 14. Nf1 Rfe8
15. Ne3 Bh5 16. Nf5 Bb4 17. Rf1 Bg6 18. Bh3 Ne4 19. a3 Bf8 20. Ne5 Nxe5 21.
dxe5 Ng5 22. Bg2 Qd7 23. g4 h5 24. h3 hxg4 25. hxg4 Ne6 26. Qd2 Nc5 27. Qc2 a5
28. Rfd1 Qe6 29. Bh3 Ne4 30. f3 Bc5+ 31. Kg2 Ng5 32. Rh1 Be3 33. Rce1 d4 34.
Qc4 Bxf5 35. gxf5 Qxc4 36. bxc4 Nxh3 37. Rxh3 Rxe5 38. Reh1 Bh6 39. Bxd4 Rxe2+
40. Kg3 c5 41. Bc3 Rce8 42. f6 R8e3 43. fxg7 Rxc3 44. Rxh6 Kxg7 45. Rxb6 Rxc4
46. Rh5 Re3 47. Rg5+ Kf8 48. Rb5 Rcc3 49. Rf5 Rxa3 50. Rbxc5 a4 51. Ra5 Ra1 52.
Ra8+ Re8 53. Ra7 Re7 54. Ra8+ Kg7 55. Rfa5 1/2-1/2

[Event "España ch 2009 femenino"]
[Site "Almansa ESP"]
[Date "2009.07.29"]
[Round "3.4"]
[White "Grau Carreras, Monica"]
[Black "Guadamuro Torrente, Anabel"]
[Result "1/2-1/2"]
[WhiteElo "2084"]
[BlackElo "2136"]
[PlyCount "94"]
[EventDate "2009.07.28"]
[EventType "swiss"]
[EventRounds "9"]
[EventCountry "ESP"]
[Source "lmi"]
[SourceDate "2009.07.28"]

1. e4 e5 2. Nf3 Nc6 3. d4 exd4 4. Bc4 Bc5 5. c3 Nf6 6. cxd4 Bb4+ 7. Bd2 Nxe4 8.
Bxb4 Nxb4 9. Bxf7+ Kxf7 10. Qb3+ Kf8 11. Qxb4+ Qe7 12. Qxe7+ Kxe7 13. Nc3 Nxc3
14. bxc3 d6 15. Kd2 Bg4 16. Rhe1+ Kd7 17. Ng5 h6 18. Ne4 b6 19. c4 a5 20. Ng3
Rhf8 21. f3 Be6 22. Rac1 b5 23. d5 Bg8 24. cxb5 Bxd5 25. Rc2 Rf4 26. Rec1 Ra7
27. a3 Bb3 28. Rc6 Ba4 29. b6 Bxc6 30. bxa7 Rf8 31. Nf5 Ra8 32. Nxg7 Rxa7 33.
Nf5 h5 34. Nd4 Bd5 35. Ke3 Rb7 36. g4 c5 37. Ne2 hxg4 38. fxg4 Be6 39. g5 Rb2
40. h4 Bg4 41. Nf4 Rb3+ 42. Ke4 Rxa3 43. Rg1 Ra4+ 44. Ke3 Ra3+ 45. Ke4 Ra4+ 46.
Ke3 Ra3+ 47. Ke4 Ra4+ 1/2-1/2

[Event "España ch 2009 femenino"]
[Site "Almansa ESP"]
[Date "2009.07.29"]
[Round "3.5"]
[White "Vega Gutierrez, Sabrina"]
[Black "Aranaz Murillo, Amalia"]
[Result "1-0"]
[WhiteElo "2352"]
[BlackElo "2061"]
[PlyCount "153"]
[EventDate "2009.07.28"]
[EventType "swiss"]
[EventRounds "9"]
[EventCountry "ESP"]
[Source "lmi"]
[SourceDate "2009.07.28"]

1. e4 c6 2. d4 d5 3. Nc3 dxe4 4. Nxe4 Bf5 5. Ng3 Bg6 6. h4 h6 7. Nf3 Nd7 8. h5
Bh7 9. Bd3 Bxd3 10. Qxd3 e6 11. Bf4 Qa5+ 12. Bd2 Bb4 13. c3 Be7 14. c4 Qc7 15.
O-O-O Ngf6 16. Kb1 O-O 17. Qc2 Rac8 18. Rde1 Rfe8 19. Ne4 c5 20. dxc5 Nxe4 21.
Rxe4 Nf6 22. Reh4 Qxc5 23. Be3 Qc7 24. Rc1 a6 25. g4 Nh7 26. Rh3 b5 27. cxb5
Qb7 28. bxa6 Qxa6 29. Qb3 Rb8 30. Qc4 Qb7 31. Bd4 Ng5 32. Nxg5 Bxg5 33. Re1
Rec8 34. Qe2 Rd8 35. Rb3 Qxb3 36. axb3 Rxd4 37. Rd1 Rdb4 38. Rd3 Rc8 39. Rc3
Rd8 40. f3 Rbd4 41. Qa6 Bf6 42. Rc8 Kh7 43. Rxd8 Rxd8 44. Qe2 Rb8 45. Qc4 Rd8
46. Qc2+ Kg8 47. b4 Rd4 48. Qb3 Be7 49. b5 Rb4 50. Qd3 Bf6 51. b3 Rd4 52. Qe3
Rb4 53. Qd3 Rd4 54. Qe2 Kf8 55. Qc2 Ke7 56. Qc5+ Rd6 57. f4 Bd4 58. Qc4 e5 59.
fxe5 Bxe5 60. b6 Kf6 61. Qc8 g6 62. b7 Rd4 63. Qc6+ Kg7 64. Qc5 Re4 65. Qxe5+
Rxe5 66. b8=Q Rg5 67. hxg6 Kxg6 68. Qd6+ Kg7 69. Qd4+ Kg6 70. b4 f5 71. Qd6+
Kg7 72. Qe7+ Kh8 73. Qf6+ Kh7 74. Qf7+ Kh8 75. gxf5 Rg7 76. Qf6 Kh7 77. b5 1-0